| 000 | 00688cam a2200241 a 4500 | ||
|---|---|---|---|
| 001 | 71057 | ||
| 003 | BD-RjUL | ||
| 005 | 20211209082055.0 | ||
| 008 | 190228s1930 usuab 000 0 eng d | ||
| 035 | _a(BD-RjUL) | ||
| 035 | _a2509873 | ||
| 040 |
_a2509 _beng _c2509 _dNNCU:A |
||
| 041 | _aeng | ||
| 082 |
_223 _a956.74 _bROS 1930 |
||
| 100 | 1 |
_aRosebault, Charles J. _9228752 |
|
| 245 | 1 | 0 |
_aSaladin : prince of chivalry./ _cRosebault, Charles S. |
| 260 |
_aNew York : _bMcBride, _c1930. |
||
| 300 |
_axii, 305p. : _billus., maps. _c21 cm. |
||
| 600 | 0 | 0 |
_aSaladin, _cSultan of Egypt and Syria, _d1137-1193. _9228753 |
| 942 |
_2ddc _cBK |
||
| 999 |
_c71057 _d71057 |
||